|
|
|
|
| LEADER |
03491nam a2200793 a 4500 |
| 001 |
nkc20142590138 |
| 003 |
CZ PrNK |
| 005 |
20240625104000.0 |
| 007 |
ta |
| 008 |
140515s2013 xr ac f 100 0dcze |
| 015 |
|
|
|a cnb002590138
|
| 020 |
|
|
|a 978-80-260-5367-5
|q (brož.)
|
| 035 |
|
|
|a (OCoLC)892780965
|
| 040 |
|
|
|a ABA001
|b cze
|
| 043 |
|
|
|a e-xr---
|
| 045 |
|
|
|a r4u4
|
| 072 |
|
7 |
|a 27-9
|x Dějiny křesťanské církve
|2 Konspekt
|9 5
|
| 080 |
|
|
|a 27-9"14/15"
|2 MRF
|
| 080 |
|
|
|a 27-36
|2 MRF
|
| 080 |
|
|
|a 322
|2 MRF
|
| 080 |
|
|
|a 272-838-662-768
|2 MRF
|
| 080 |
|
|
|a 27-36-5
|2 MRF
|
| 080 |
|
|
|a 27-789.5
|2 MRF
|
| 080 |
|
|
|a 27-662:3
|2 MRF
|
| 080 |
|
|
|a 27-662:316.74
|2 MRF
|
| 080 |
|
|
|a (437.3)
|2 MRF
|
| 080 |
|
|
|a (062.534)
|2 MRF
|
| 245 |
0 |
0 |
|a Pět hvězd nad českým královstvím :
|b svatý Jan Nepomucký a katolická reformace /
|c [uspořádali Václav Chroust, Zdeňka Buršíková, Karel Viták]
|
| 246 |
3 |
0 |
|a Svatý Jan Nepomucký a katolická reformace
|
| 246 |
1 |
5 |
|a Barokní jezuitské Klatovy 2013 :
|b sborník příspěvků
|
| 250 |
|
|
|a 1. vyd.
|
| 260 |
|
|
|a Klatovy :
|b Město Klatovy,
|c 2013
|
| 300 |
|
|
|a 123 s. :
|b il., portréty ;
|c 19 cm
|
| 490 |
1 |
|
|a Klatovy v prostoru a čase ;
|v 3
|
| 504 |
|
|
|a Obsahuje bibliografie a bibliografické odkazy
|
| 600 |
0 |
7 |
|a Jan Nepomucký,
|c svatý,
|d asi 1340-1393
|7 jn20000728449
|2 czenas
|
| 600 |
1 |
7 |
|a Chanovský z Dlouhé Vsi, Albert,
|d 1581-1643
|7 jk01050081
|2 czenas
|
| 600 |
0 |
9 |
|a Jan Nepomucký,
|c Saint,
|d ca 1340-1393
|2 eczenas
|
| 648 |
|
7 |
|a 14.-15. století
|7 ch460617
|2 czenas
|
| 648 |
|
7 |
|a 16.-17. století
|7 ch757028
|2 czenas
|
| 648 |
|
7 |
|a 14.-17. století
|7 ch757047
|2 czenas
|
| 650 |
0 |
7 |
|a reformace
|7 ph125063
|z Česko
|y 14.-15. století
|2 czenas
|
| 650 |
0 |
7 |
|a křesťanští světci
|7 ph115082
|z Česko
|y 14.-15. století
|2 czenas
|
| 650 |
0 |
7 |
|a stát a církev
|7 ph116308
|z Česko
|y 14.-15. století
|2 czenas
|
| 650 |
0 |
7 |
|a rekatolizace
|7 ph228422
|z Česko
|y 16.-17. století
|2 czenas
|
| 650 |
0 |
7 |
|a kult svatých
|7 ph138466
|z Česko
|y 16.-17. století
|2 czenas
|
| 650 |
0 |
7 |
|a jezuité
|7 ph121349
|z Česko
|y 16.-17. století
|2 czenas
|
| 650 |
0 |
7 |
|a křesťanství a společnost
|7 ph138510
|z Česko
|y 14.-17. století
|2 czenas
|
| 650 |
0 |
7 |
|a křesťanství a kultura
|7 ph115078
|z Česko
|y 14.-17. století
|2 czenas
|
| 650 |
0 |
9 |
|a reformation
|z Czechia
|y 14th-15th centuries
|2 eczenas
|
| 650 |
0 |
9 |
|a Christian saints
|z Czechia
|y 14th-15th centuries
|2 eczenas
|
| 650 |
0 |
9 |
|a church and state
|z Czechia
|y 14th-15th centuries
|2 eczenas
|
| 650 |
0 |
9 |
|a recatolisation
|z Czechia
|y 16th-17th centuries
|2 eczenas
|
| 650 |
0 |
9 |
|a cult of saints
|z Czechia
|y 16th-17th centuries
|2 eczenas
|
| 650 |
0 |
9 |
|a Jesuits
|z Czechia
|y 16th-17th centuries
|2 eczenas
|
| 650 |
0 |
9 |
|a Christianity and civilization
|z Czechia
|y 14th-17th centuries
|2 eczenas
|
| 650 |
0 |
9 |
|a Christianity and culture
|z Czechia
|y 14th-17th centuries
|2 eczenas
|
| 655 |
|
7 |
|a sborníky konferencí
|7 fd133333
|2 czenas
|
| 655 |
|
9 |
|a proceedings of conferences
|2 eczenas
|
| 700 |
1 |
|
|a Chroust, Václav,
|d 1963-
|7 jo2014838422
|4 edt
|
| 700 |
1 |
|
|a Buršíková, Zdeňka,
|d 1953-
|7 pna2005274645
|4 edt
|
| 700 |
1 |
|
|a Viták, Karel,
|d 1968-
|7 jo2014838421
|4 edt
|
| 711 |
2 |
|
|a Barokní jezuitské Klatovy (konference)
|d (2013 :
|c Klatovy, Česko)
|7 pna2014819234
|
| 830 |
|
0 |
|a Klatovy v prostoru a čase
|0 s
|
| 910 |
2 |
|
|a BOA001
|b 1-1353.502
|
| 990 |
|
|
|a BK
|
| 995 |
|
|
|a 01
|
| 991 |
|
|
|b 201509
|c NOV
|e n
|
| 996 |
6 |
|
|b 2610644012
|c 1-1353.502
|l MZK
|r Sklad / do 1 hodiny
|n 9
|p p.v.
|w 001523121
|u 000010
|a 1
|e BOA001
|j MZK50
|s P
|